Biggest Cities in India by Letter - B - Statistics

General Stats
  • This quiz has been taken 51 times
  • The average score is 5 of 16
Answer Stats
Population State City % Correct
8,520,435 Karnataka Bengaluru
96%
1,886,100 Madhya Pradesh Bhopal
77%
1,064,222 Chattisgarh Bhilai
51%
885,363 Odisha Bhubaneswar
47%
985,752 Uttar Pradesh Bareilly
38%
644,406 Rajasthan Bikaner
28%
412,209 Bihar Bhagalpur
21%
605,882 Gujarat Bhavnagar
21%
610,350 Karnataka Belgaum
19%
735,681 Maharastra Bhiwandi
17%
359,483 Rajasthan Bhilwara
15%
453,946 Chattisgarh Bilaspur
11%
564,319 Jharkhand Bokaro
11%
346,639 West Bengal Bardhaman
9%
410,445 Karnataka Bellary
9%
356,598 Odisha Brahmapur
4%
No matching quizzes found
Score Distribution
Percent of People with Each Score
Percentile by Number Answered
Your Score History
You have not taken this quiz